Deutsche Rechtsgeschichte. Ein Lehrbuch.

Salvato in:
Dettagli Bibliografici
Autore principale: Conrad, Hermann (verfasser)
Natura: Libro
Lingua:inglese
Pubblicazione: Karlsruhe, Deutschland: C. F, Müller, 1962-1966.
Edizione:2., Neubearbeitete Auflage.
Soggetti:
Tags: Aggiungi Tag
Nessun Tag, puoi essere il primo ad aggiungerne!!

MARC

LEADER 00000nam a22000007a 4500
003 CL-VaPUC
005 20220822114427.0
008 220308t19621966 ||||| |||| 00| 0 eng d
999 |c 434751  |d 434749 
040 |c Pontificia Universidad Católica de Valparaíso 
082 0 4 |a 340.0943 CON 1962   |2 22 
100 1 |a Conrad, Hermann  |e verfasser  |9 869997 
245 1 0 |a Deutsche Rechtsgeschichte.  |b Ein Lehrbuch.  
250 |a 2., Neubearbeitete Auflage. 
260 |a Karlsruhe, Deutschland:   |b C. F, Müller,   |c 1962-1966. 
300 |a 2 Volúmenes.  
500 |a c.1 Volumen I: Donación Familia Prof. Alejandro Guzmán Brito. c.1 Volumen II: Donación Familia Prof. Alejandro Guzmán Brito. 
505 |a v.I (band I): Frühzeit und Mittelalter. v.II (band II): Neuzeit Bis 1806. 
583 |c 20220308  |k Yessy Stephany Diaz Vidal 
650 1 |a Derecho alemán  |x Historia del derecho  |9 869998 
650 1 |a Historia constitucional  |z Alemania  |9 869999 
942 |2 ddc  |c BK  |n 0 
952 |0 0  |1 0  |2 ddc  |4 0  |6 340_094300000000000_CON_1966  |7 0  |8 C_AGB  |9 581750  |a BIBDER  |b BIBDER  |d 2022-03-08  |e Donación   |h v.II  |i 5649943  |o 340.0943 CON 1966  |p 5649943  |r 2023-01-25  |t 1  |w 2022-03-08  |y BK_US  |k AGB 
952 |0 0  |1 0  |2 ddc  |4 0  |6 340_094300000000000_CON_1962  |7 0  |8 C_AGB  |9 581751  |a BIBDER  |b BIBDER  |d 2022-03-08  |e Donación   |h v.I  |i 5649935  |o 340.0943 CON 1962   |p 5649935  |r 2023-01-25  |t 1  |w 2022-03-08  |y BK_US  |k AGB